Sports Quiz

Random Sports or Soccer Quiz

Premier League Manchester City Top Scorers Quiz Stats

 Plays Quiz Updated Jul 26, 2019

Score 0/34 Timer 10:00
0 Plays Today
Goals Player % Correct
13Bernardo Silva
92.6%
164Sergio Agüero
92.5%
54David Silva
85.2%
48Raheem Sterling
81.4%
25Leroy Sané
79%
62Yaya Toure
78.2%
58Carlos Tevez
77.7%
50Edin Dzeko
77.7%
23Kevin De Bruyne
77%
27Gabriel Jesus
70%
18Vincent Kompany
64.1%
20Mario Balotelli
59%
18Fernandinho
58.9%
14Robinho
52.6%
13James Milner
49.5%
18Samir Nasri
47.2%
27Shaun Wright-Phillips
46.9%
Goals Player % Correct
15Emmanuel Adebayor
43.4%
13Shaun Goater
40.6%
13Ilkay Gündogan
39.4%
37Nicolas Anelka
38.7%
21Robbie Fowler
37.4%
16Stephen Ireland
33%
13Craig Bellamy
33%
14Blumer Elano
29.7%
15Joey Barton
28.9%
29Niall Quinn
28.8%
17Darius Vassell
23.5%
29Uwe Rosler
22.7%
15Paulo Wanchope
22.8%
17David White
14.8%
16Paul Walsh
9.9%
13Garry Flitcroft
8.7%
17Mike Sheron
7.1%

You're not logged in!

Compare scores with friends on all Sporcle quizzes.
OR
Log In

Sporcle TV

Today on Sporcle TV


Watch our educational content, quiz creation guides, and fun videos on Sporcle TV.

Show Comments

Extras

Top Quizzes Today


Score Distribution

Your Account Isn't Verified!

In order to create a playlist on Sporcle, you need to verify the email address you used during registration. Go to your Sporcle Settings to finish the process.

Report this User

Report this user for behavior that violates our Community Guidelines.

Details: